|
|
|
|
| LEADER |
00000nam0a2200000 4500 |
| 001 |
157703 |
| 005 |
20231101222002.0 |
| 010 |
|
|
|a 5050026733
|
| 020 |
|
|
|a RU
|b 91-34593
|
| 035 |
|
|
|a (RuTPU)RU\TPU\book\171061
|
| 090 |
|
|
|a 157703
|
| 100 |
|
|
|a 20090413d1991 m y0rusy5003 ca
|
| 101 |
1 |
|
|a rus
|c fre
|
| 102 |
|
|
|a RU
|
| 105 |
|
|
|a y z 000aa
|
| 200 |
1 |
|
|a Моя двойная жизнь
|e мемуары
|f С. Р. Бернар
|g пер. с фр. Н. Световидова ; Н. Панина ; авт. предисл. К. Эрманн
|
| 210 |
|
|
|a Москва
|c Радуга
|d 1991
|
| 215 |
|
|
|a 463,[1] с.
|c портр.
|d 22 см
|
| 225 |
1 |
|
|a Библиотечная серия
|
| 600 |
|
1 |
|a Бернар
|b С. Р.
|c французская актриса
|f 1844-1923
|g Сара Розина
|2 stltpush
|3 (RuTPU)RU\TPU\pers\10153
|9 2199
|
| 610 |
1 |
|
|a Актерское искусство
|
| 610 |
1 |
|
|a Французский драматический театр, 19 в.
|
| 610 |
1 |
|
|a воспоминания
|
| 610 |
1 |
|
|a записки
|
| 675 |
|
|
|a 84
|z rus
|
| 700 |
|
1 |
|a Бернар
|b С. Р.
|c французская актриса
|f 1844-1923
|g Сара Розина
|2 stltpush
|3 (RuTPU)RU\TPU\pers\10153
|9 2199
|
| 702 |
|
1 |
|a Световидова
|b Н.
|4 730
|
| 702 |
|
1 |
|a Панина
|b Н.
|4 730
|
| 702 |
|
1 |
|a Эрманн
|b К.
|4 080
|
| 801 |
|
0 |
|a RU
|b RuMRKP
|c 19950417
|g psbo
|
| 801 |
|
1 |
|a RU
|b 63413507
|c 20090413
|g PSBO
|
| 801 |
|
2 |
|a RU
|b 63413507
|c 20110810
|g PSBO
|
| 942 |
|
|
|c BK
|